| Tag |
First Indicator |
Second Indicator |
Subfields |
| LEADER |
00000cam a22000008a 4500 |
| 001 |
in00000072411 |
| 005 |
20211030063311.0 |
| 008 |
810107s1981 nyu 00011 engm |
| 010 |
|
|
|a 80028900
|
| 020 |
|
|
|a 0030585015
|
| 035 |
|
|
|a (OCoLC)07197519
|
| 035 |
|
|
|9 AAH7326AM
|
| 039 |
0 |
|
|a 2
|b 3
|c 3
|d 3
|e 3
|
| 040 |
|
|
|a DLC
|c DLC
|d m.c.
|d OCL
|d TXA
|d UtOrBLW
|
| 049 |
|
|
|a TXAM
|c [386961]
|
| 050 |
0 |
0 |
|a PS3505.A3113
|b B3 1981
|
| 082 |
0 |
|
|a 813/.52
|2 19
|
| 100 |
1 |
|
|a Cain, James M.
|q (James Mallahan),
|d 1892-1977.
|
| 245 |
1 |
4 |
|a The baby in the icebox and other short fiction /
|c by James M. Cain ; edited by Roy Hoopes.
|
| 250 |
|
|
|a 1st trade ed.
|
| 263 |
|
|
|a 8110
|
| 264 |
|
1 |
|a New York, N.Y. :
|b Holt, Rinehart & Winston,
|c [1981]
|
| 264 |
|
4 |
|c ©1981
|
| 300 |
|
|
|a vi, 312 pages ;
|c 22 cm.
|
| 336 |
|
|
|a text
|b txt
|2 rdacontent
|
| 337 |
|
|
|a unmediated
|b n
|2 rdamedia
|
| 338 |
|
|
|a volume
|b nc
|2 rdacarrier
|
| 700 |
1 |
|
|a Hoopes, Roy,
|d 1922-2009.
|
| 999 |
|
|
|a MARS
|
| 999 |
f |
f |
|s c65dbfc8-ccdc-30f3-94e6-4875625603cd
|i 80980851-141a-3660-ba20-8a00154d5618
|t 0
|
| 952 |
f |
f |
|p ric
|a Texas A&M University
|b Rellis Campus
|c Joint Library Facility
|d Remote Storage
|t 0
|e PS3505.A3113 B3 1981
|h Library of Congress classification
|i unmediated -- volume
|m A14806190339
|
| 998 |
f |
f |
|a PS3505.A3113 B3 1981
|t 0
|l Remote Storage
|